Statistiques concernant Focus sur: Augusta Londubat - Harry Potter

Cliquez ici pour prendre le quiz!

Statistiques générales

  • Ce quiz a été pris 126 fois
  • Le résultat moyen est 5 sur 6

Statistiques - réponses

Informations recherchéesRéponses% Correct
Ecole fréquentéePoudlard
99%
Statut du sangSang-Pur
98%
Première apparitionHarry Potter à l'école des sorciers
92%
Petit-fils (élevé)Neville Londubat
91%
FilsFranck Londubat
88%
Actrice l'interprétant dans les films
(coupée au montage)
Ninette Finch
10%

Distribution des résultats

Percentile par nombre de réponses

% des personnes avec chaque résultat

Votre développement - résultats

Vous n’avez pas pris ce quiz